000 00766nam a2200217Ia 4500
005 20230207115337.0
008 210716s2009 xx 000 0 und d
020 _a9780070667648
040 _cAIMIT LIBRARY
041 _aeng
082 _a005.41
_22
_bKAMR
100 _aKamal, Raj.
_971026
245 _aEmbedded systems :
_barchitecture programming and design /
_cBy Raj Kamal.
250 _a2nd ed.
260 _aNew Delhi :
_bTata McGraw Hill Publishing Company Ltd ,
_c2009.
300 _axxii,681 p.;
_bPB
_c24.5 cm.
650 _aDevices and communication buses for devices network
_971027
650 _aReal time operating systems
_971028
650 _aTesting simulation and debugging techniques and tools
_971029
942 _2ddc
_cBK
_e2nd
_k005.41 KAMR
999 _c187810
_d187810